RESEARSH METHODOLOGY : METHODS & TECHNIQUES (Record no. 1784)
[ view plain ]
| 000 -LEADER | |
|---|---|
| fixed length control field | 00323nam a2200133Ia 4500 |
| 082 ## - DEWEY DECIMAL CLASSIFICATION NUMBER | |
| Classification number | 610.72 |
| Item number | R14K |
| 100 ## - MAIN ENTRY--PERSONAL NAME | |
| Personal name | KOTHARI, C.R. |
| 245 ## - TITLE STATEMENT | |
| Title | RESEARSH METHODOLOGY : METHODS & TECHNIQUES |
| 250 ## - EDITION STATEMENT | |
| Edition statement | 3RD |
| 260 ## - PUBLICATION, DISTRIBUTION, ETC. (IMPRINT) | |
| Name of publisher, distributor, etc | NEW AGE INTERNATIONAL PUB. |
| Place of publication, distribution, etc | DELHI |
| Year of Publication | 2014 |
| 300 ## - PAGE DESCRIPTION | |
| No. of Pages | 1-449 |
| 650 ## - SUBJECT ADDED ENTRY--TOPICAL TERM | |
| Topical term or geographic name as entry element | RESEARCH |
| 942 ## - ADDED ENTRY ELEMENTS (KOHA) | |
| Source of classification or shelving scheme | Dewey Decimal Classification |
| Koha item type | Books |
| 942 ## - ADDED ENTRY ELEMENTS (KOHA) | |
| -- | 37 |
| Withdrawn status | Lost status | Source of classification or shelving scheme | Damaged status | Not for loan | Collection code | Home library | Current library | Shelving location | Date acquired | Vendor Name | Cost, normal purchase price | SGTU | Bill Number | Total Checkouts | Full call number | Accession No. (Barcode) | Date last seen | Date last borrowed | Bill Date | Koha item type | Total Renewals | Checked out |
|---|---|---|---|---|---|---|---|---|---|---|---|---|---|---|---|---|---|---|---|---|---|---|
| Dewey Decimal Classification | MEDICAL | SGT Medical Library | SGT Medical Library | Text Book | 14/05/2014 | ABC DELHI | 275.00 | SGTU | 4634 | 26 | 610.72 R14K | FM6081 | 19/12/2025 | 08/12/2025 | 14/07/2014 | Books | ||||||
| Dewey Decimal Classification | MEDICAL | SGT Medical Library | SGT Medical Library | Text Book | 14/05/2014 | ABC DELHI | 275.00 | SGTU | 4634 | 77 | 610.72 R14K | FM6082 | 25/05/2026 | 25/05/2026 | 14/07/2014 | Books | 2 | 08/06/2026 | ||||
| Long Overdue (Lost) | Dewey Decimal Classification | MEDICAL | SGT Medical Library | SGT Medical Library | Text Book | 14/05/2014 | ABC DELHI | 275.00 | SGTU | 4634 | 30 | 610.72 R14K | FM6083 | 04/06/2021 | 04/06/2021 | 14/07/2014 | Books | 14/07/2021 | ||||
| Lost and Paid For | Dewey Decimal Classification | MEDICAL | SGT Medical Library | SGT Medical Library | Text Book | 14/05/2014 | ABC DELHI | 275.00 | SGTU | 4634 | 47 | 610.72 R14K | FM6084 | 10/06/2023 | 10/06/2023 | 14/07/2014 | Books | |||||
| Dewey Decimal Classification | MEDICAL | SGT Medical Library | SGT Medical Library | Text Book | 14/05/2014 | ABC DELHI | 275.00 | SGTU | 4634 | 53 | 610.72 R14K | FM6085 | 19/05/2026 | 05/05/2026 | 14/07/2014 | Books |